书目信息 |
| 题名: |
阿Q永远健在
|
|
| 作者: | 陈益民 编 | |
| 分册: | ||
| 出版信息: | 天津 天津人民出版社 2011.6 |
|
| 页数: | 253页 | |
| 开本: | 21cm | |
| 丛书名: | 民国名家随笔丛书 | |
| 单 册: | ||
| 中图分类: | I266.1 | |
| 科图分类: | ||
| 主题词: | 随笔--作品集--中国--现代 , 随笔 | |
| 电子资源: | ||
| ISBN: | 978-7-201-07045-2 | |
| 000 | 00811oam2 2200265 45 | |
| 001 | 515 | |
| 005 | 20120601103143.34 | |
| 010 | @a978-7-201-07045-2@dCNY20.00 | |
| 100 | @a20120328d2011 em y0chiy50 ea | |
| 101 | 0 | @achi |
| 102 | @aCN@b120000 | |
| 105 | @ay z 000cy | |
| 106 | @ar | |
| 200 | 1 | @a阿Q永远健在@AA Q Yong Yuan Jian Zai@f陈益民编@FChen Yi Min Bian |
| 210 | @a天津@c天津人民出版社@d2011.6 | |
| 215 | @a253页@d21cm | |
| 225 | 2 | @a民国名家随笔丛书 |
| 330 | @a本书主要内容包括:阿Q永远健在;“阿Q时代”在中国;继“阿Q”而来的时代;阿Q转世;中国人的特性等。 | |
| 461 | 0 | @12001 @a民国名家随笔丛书 |
| 606 | 0 | @a随笔@x作品集@y中国@z现代 |
| 606 | 0 | @a随笔 |
| 690 | @aI266.1@v4 | |
| 701 | 0 | @a陈益民@AChen Yi Min@4编 |
| 801 | 0 | @aCN@bTSTCL@c20120328 |
| 905 | @b0812615-19@dI266.1@e1413@f5 | |
| 阿Q永远健在/陈益民编.-天津:天津人民出版社,2011.6 |
| 253页;21cm.-(民国名家随笔丛书) |
| ISBN 978-7-201-07045-2:CNY20.00 |
| 本书主要内容包括:阿Q永远健在;“阿Q时代”在中国;继“阿Q”而来的时代;阿Q转世;中国人的特性等。 |
| ● |
| 相关链接 |
|
|
|
|
正题名:阿Q永远健在
索取号:I266.1/1413
 
预约/预借
| 序号 | 登录号 | 条形码 | 馆藏地/架位号 | 状态 | 备注 |
| 1 | 0812615 | 208126151 | 第一样本阅览室/ [索取号:I266.1/1413] | 在馆 | |
| 2 | 0812616 | 208126160 | 第二借阅区/ [索取号:I266.1/1413] | 在馆 | |
| 3 | 0812617 | 208126179 | 第二借阅区/ [索取号:I266.1/1413] | 在馆 | |
| 4 | 0812618 | 208126188 | 第二借阅区/ [索取号:I266.1/1413] | 在馆 | |
| 5 | 0812619 | 208126197 | 第二借阅区/ [索取号:I266.1/1413] | 在馆 |